000 00677nam a22002537a 4500
003 UA-OsUOA
001 29070
007 ta
008 20050524b un ||||| |||| 00| 0 ukr d
100 _aБродський Р.М.
700 _aЕнольський З.А.
090 _a94(5+6)"1871/1917"
_bБ88
942 _cBK
040 _aUA-OsUOA
_bukr
_cUA-OsUOA
_dUA-OsUOA
245 _aНова історія країн Азії і Африки (1871-1917)
300 _a333 с.
955 _a0
041 _aukr
080 _a94(5+6)"1871/1917"
260 _aЛьвів
_bВища школа
_c1986
044 _aUA
650 7 _2UDC
999 _c315449
_d315449